00703nam a2200193 a 450000100100000000500170001000800410002704000250006808200170009324500770011026000610018730000210024850000430026959000260031271000180033804900150035695201210037199900170049200002308420240529114208.0101126s1969 fr r 000 0 spa d aDO-SdBNPbspacBNPHU axxxxxbA396s00aAlgunas sugestiones sobre la enseñanza acerca de los derechos humanos. aParís :bOrganización de las Naciones Unidas,c1969. a165 p. ;c20 cm. aIncluye notas al pie de las páginas. aInventariado, 2019/VM2 aUnesco919805 aEn proceso 001054708MOaGRbGRcHDd2010-11-26iLF1l0oxxxxx A396sp23084-10r2020-06-25w2020-06-25y4ZPréstamo en sala c22581d22581